LEADER 01706nam a2200337 a 4500 001 000000137643 003 CaOOAMICUS 005 20140310133550.0 008 140310s2014 it u000 u ita r 020 $a978-88-598-0995-1 (v. 1-3) 040 $aPUL$bita 082 04$a346.45033 245 03$aLa prova e il quantum nel risarcimento del danno /$ca cura di Paolo Cendon. 260 $aTorino :$bUTET Giuridica,$c2014. 300 $a3 v. ;$c25 cm 500 $aIn testa al front: Il diritto privato nella giurisprudenza a cura di Paolo Cendon 504 $aInclude riferimenti bibliografici. 650 4$aDanni (diritto).$0(OLS)http://pul/subject/18815 650 4$aRisarcimento dei danni.$0(OLS)http://pul/subject/34307 700 1 $aCendon, Paolo.$0(OLS)http://pul/name/29221 850 $aPUL 852 $aPUL$W1$xSL Diritto e Scienze Sociali 3$y79$m346. 45033 CENPA 1.1$j158664$av. 1$qDDC 21$B158190$CPULBib$Z2$F158190 $H123596 $82 852 $aPUL$W1$xSL Diritto e Scienze Sociali 3$y79$m346. 45033 CENPA 1.2$j158665$av. 2$qDDC 21$B158191$CPULBib$Z2$F158191 $H123597 $82 852 $aPUL$W1$xSL Diritto e Scienze Sociali 3$y79$m346. 45033 CENPA 1.3$j158666$av. 3$qDDC 21$B158192$CPULBib$Z2$F158192 $H123598 $82 941 1 $a9 960 $aDanno (diritto)$918815 996 $6020$a978-88-598-0995-1 (v. 1-3)$9(OLS)http://pul/number/154707 996 $6082$a346.45033$9(OLS)http://pul/classification/2600 996 $6245$aLa prova e il quantum nel risarcimento del danno$9(OLS)http://pul/title/174263 996 $6260$aTorino :$bUTET Giuridica$9(OLS)http://pul/publisher/79191 LEADER 01284nam a2200277 u 4500 001 000000072615 003 CaOOAMICUS 005 20070226122248.0 008 020619s1978 it u000 u ita u 035 $a10933966 040 $aPUL(R)$bita 245 03$aLe funzioni del distretto :$bdal dibattito politico alle indicazioni di lavoro /$c[a cura] Corrado Mauceri, Franco Quercioli ; prefazione di Bruno Roscani. 260 $aRimini :$bGuaraldi,$cc1978. 300 $a254 p. ;$c19 cm 490 1 $aLe frontiere dell'educazione ;$v53 650 4$aScuola$zItalia$xLegislazione.$0(OLS)http://pul/subject/25546 700 1 $aMauceri, Corrado.$0(OLS)http://pul/name/48036 700 1 $aRoscani, Bruno.$0(OLS)http://pul/name/48038 700 1 $aQuercioli, Franco.$0(OLS)http://pul/name/48037 830 3$aLe frontiere dell'educazione ;$v53.$0(OLS)http://pul/title/94716 850 $aPUL 852 $aPUL$W1$xDP1 Cons. Gen., Altre Classi 1$y22$m843 D 43$j93931$nBK-PRI$b $qStampati$B93931$CPULBib$Z2$F93931 $H $81 941 1 $a8 961 $aINV: 64083 996 $6245$aLe funzioni del distretto :$bdal dibattito politico alle indicazioni di lavoro$9(OLS)http://pul/title/95509 996 $6260$aRimini :$bGuaraldi$9(OLS)http://pul/publisher/52921